000 01199cam a2200253 i 4500
003 SA-RiAUC
005 20251013074531.0
008 251012s1990 su g 00010 ara c
040 _aSA-JeALM
_bara
_cSA-RiAUC
_erda
082 0 4 _a251
_qSA-RiAUC
090 _a251 ا ب ن ج
_b ا ب ن ج
100 1 _aابن جزي الكلبي، محمد بن أحمد بن محمد،
_d693-741 هجري
_eمؤلف.
245 1 0 _aتقريب الوصول إلى علم الأصول /
_cأبو القاسم محمد بن أحمد جزي الكلبي الغرناطي المالكي ؛ دراسة وتحقيق محمد علي فركوس.
250 _aالطبعة الأولى.
264 1 _aمكة المكرمة :
_bالمكتبة الفيصلية،
_c1990
300 _a206 صفحة ؛
_c24 سم
336 _aنص
_btxt
_2rdacontent
_3كتاب
337 _aبدون وسيط
_bn
_2rdamedia
500 _aاهداء من الياس بن حده الى الشيخ رحمه الله بتاريخ 29 / 5 / 1411 هـ
650 7 _aأصول الفقه الإسلامي
_2aucsh
700 1 _aفركوس، محمد علي،
_d1954-
_eمحقق.
942 _2ddc
_cBOOK
_n0
949 _aSA-JeALM
_d251012
_uosman123
_n1
999 _c12496
_d12496